000 00676nam a2200169 a 4500
008 120416s1979 ||||||||||||||||| || u
020 _a0408003138
050 _aTH 3401 Bui
100 _aMarkus, Thomas Andrew
245 1 0 _aBuilding conversion and rehabilitation: designing for change in building use
260 _aLondon
_bButterworths
_c1979
300 _axii, 178p.: ill
350 _a0.00
500 _aIncludes bibliographical references and index.
650 _aBUILDINGS--REPAIR AND RECONSTRUCTION--CONGRESSES
995 _D0.00
_FCBU-MAIN LIBRARY (Kitwe)
_H1
_I0.00
_UAVAILABLE
_ZAnnex Low-Usage Collection
999 _c36254
_d36254